01137nam a2200277 a 450000100060000000300080000600500170001400800410003103500190007204000270009104100080011808200180012610000320014424502270017625000120040326000560041530000320047150001250050350000590062850400200068761000320070765000220073965000200076170000340078170000440081531287BD-RjUL20211209051700.0140415t1950 enk 001 0 eng d a(BD-RjUL)31374 aDLCbengcDLCdBD-RjUL aeng04a270bPAH 19501 aPastor, Ludwig,d1854-1928.14aThe history of the popes from the close of the middle ages :bdrawn from the secret archives of the Vatican and other original sources /cfrom the German of Ludwig Pastor ; edited by Frederick Ignatius Antrobus.nVolume-VI a5th ed. aLondon :bKegan Paul ;bTrench ;bTrübner,c1950. aV-6 (xxx, 670 p.) ;c23 cm. aVols 7-24 edited by Ralph Francis Kerr; v.25-34 translated and edited by Ernest Graf; v.35-40 translated by E.F. Peeler. aVols. 35-40 published: London: Routledge & Kegan Paul. aincludes index. aCatholic Church -- History. 0aPopesvBiography. 0aPopesxHistory.1 aAntrobus, Frederick Ignatius.1 aPeeler, E. F.q(Edward Francis),d1898-